Quand la politique s’en mêle. Les reportages d’Elsa Triolet sur la Yougoslavie (notice n° 1634592)

détails MARC
000 -LEADER
fixed length control field 01438cam a2200169 4500500
005 - DATE AND TIME OF LATEST TRANSACTION
control field 20260111131432.0
041 ## - LANGUAGE CODE
Language code of text/sound track or separate title fre
042 ## - AUTHENTICATION CODE
Authentication code dc
100 10 - MAIN ENTRY--PERSONAL NAME
Personal name Mladenović, Velimir
Relator term author
245 00 - TITLE STATEMENT
Title Quand la politique s’en mêle. Les reportages d’Elsa Triolet sur la Yougoslavie
260 ## - PUBLICATION, DISTRIBUTION, ETC.
Date of publication, distribution, etc. 2025.<br/>
500 ## - GENERAL NOTE
General note 64
520 ## - SUMMARY, ETC.
Summary, etc. Cette chronique propose une recension des publications sur le bois dans l’Antiquité assortie d’une présentation des découvertes archéologiques autour de ce matériau. Tous les usages du bois dans les sociétés anciennes sont pris en compte, avec une attention particulière portée à ses emplois structurels et architecturaux. L’aire couverte concerne l’ensemble du bassin méditerranéen, le Proche et le Moyen-Orient, l’Europe continentale et les îles Britanniques.
520 ## - SUMMARY, ETC.
Summary, etc. This chronicle offers a review of publications on wood in antiquity, together with a presentation of archaeological discoveries concerning this material. All uses of wood in ancient societies are considered, with particular attention paid to its structural and architectural uses. The area covered includes the entire Mediterranean basin, the Near and Middle East, continental Europe and the British Isles.
786 0# - DATA SOURCE ENTRY
Note Études Balkaniques | 28 | 1 | 2025-12-18 | p. 19-40 | 1260-2116
856 41 - ELECTRONIC LOCATION AND ACCESS
Uniform Resource Identifier <a href="https://shs.cairn.info/revue-etudes-balkaniques-2025-1-page-19?lang=fr&redirect-ssocas=7080">https://shs.cairn.info/revue-etudes-balkaniques-2025-1-page-19?lang=fr&redirect-ssocas=7080</a>

Pas d'exemplaire disponible.

PLUDOC

PLUDOC est la plateforme unique et centralisée de gestion des bibliothèques physiques et numériques de Guinée administré par le CEDUST. Elle est la plus grande base de données de ressources documentaires pour les Étudiants, Enseignants chercheurs et Chercheurs de Guinée.

Adresse

627 919 101/664 919 101

25 boulevard du commerce
Kaloum, Conakry, Guinée

Réseaux sociaux

Powered by Netsen Group @ 2025